000 00372nam a22001457a 4500
008 230227b |||||||| |||| 00| 0 eng d
020 _a978-0-09-955878-1
082 _a813.54
100 _aAmor Towles
245 _aA Gentleman in Moscow
_cAmor Towles
260 _bWindmill
_c2016
300 _a462 p.
_c19.7 cm
942 _2ddc
999 _c9322
_d9323